T10 駅名クイズ - 難読駅名30 - Statistics

General Stats
  • This quiz has been taken 1,341 times
    690 since last reset
  • The average score is 15 of 30
Answer Stats
所属路線 駅名 読み方 % Correct
JR左沢線 左沢 あてらざわ
100%
東京都交通局日暮里・舎人ライナー 舎人 とねり
100%
南海泉北線 中百舌鳥 なかもず
100%
JR総武本線 八街 やちまた
100%
JR函館本線 長万部 おしゃまんべ
96%
JR指宿枕崎線 指宿 いぶすき
95%
東京臨海高速鉄道りんかい線 東雲 しののめ
95%
JR伯備線 備中高梁 びっちゅうたかはし
95%
京阪交野線 私市 きさいち
94%
九州新幹線 川内 せんだい
94%
JRおおさか東線 放出 はなてん
94%
えちごトキめき鉄道日本海ひすいライン 親不知 おやしらず
93%
JR京葉線 検見川浜 けみがわはま
93%
JR身延線 鰍沢口 かじかざわぐち
92%
京都市営地下鉄烏丸線 烏丸御池 からすまおいけ
92%
JR成田線 酒々井 しすい
92%
西武池袋線 石神井公園 しゃくじいこうえん
92%
京王線 百草園 もぐさえん
92%
IRいしかわ鉄道線 松任 まっとう
91%
JR函館本線 妹背牛 もせうし
91%
ゆりかもめ 青海 あおみ
90%
JR留萌本線 秩父別 ちっぷべつ
90%
東京メトロ丸ノ内線 茗荷谷 みょうがだに
90%
JR根室本線 厚岸 あっけし
89%
JR宗谷本線 音威子府 おといねっぷ
89%
Osaka Metro谷町線 喜連瓜破 きれうりわり
89%
江ノ島電鉄線 鵠沼 くげぬま
89%
JR白新線 新発田 しばた
89%
松浦鉄道西九州線 御厨 みくりや
89%
JR函館本線 倶知安 くっちゃん
88%
JR東海道本線 膳所 ぜぜ
88%
JR宗谷本線 和寒 わっさむ
88%
JR京浜東北線 わらび
88%
JR日高本線 新冠 にいかっぷ
88%
JR参宮線 五十鈴ケ丘 いすずがおか
87%
叡山電鉄鞍馬線 鞍馬 くらま
87%
真岡鐵道真岡線 真岡 もおか
87%
JR日豊本線 姶良 あいら
86%
JR成田線 安食 あじき
86%
JR青梅線 青梅 おうめ
86%
JR東海道本線 函南 かんなみ
86%
東急目黒線 洗足 せんぞく
86%
JR大糸線 糸魚川 いといがわ
85%
IRいしかわ鉄道線 倶利伽羅 くりから
85%
JR釧網本線 標茶 しべちゃ
85%
JR函館本線 美唄 びばい
85%
JR湖西線 蓬萊 ほうらい
85%
JR阪和線 おおとり
84%
JR片町線 四条畷 しじょうなわて
84%
北海道ちほく高原鉄道 ふるさと銀河線 足寄 あしょろ
84%
JR太多線 可児 かに
83%
京都市営地下鉄東西線 蹴上 けあげ
83%
JR石勝線 占冠 しむかっぷ
83%
JR木次線 宍道 しんじ
83%
JR羽越本線 鼠ケ関 ねずがせき
83%
都営新宿線 馬喰横山 ばくろよこやま
83%
JR根室本線 厚床 あっとこ
82%
近鉄奈良線 菖蒲池 あやめいけ
82%
近鉄大阪線 伊賀神戸 いがかんべ
82%
土佐くろしお鉄道宿毛線 宿毛 すくも
82%
JR大船渡線 千厩 せんまや
82%
JR芸備線 備中神代 びっちゅうこうじろ
82%
ハピラインふくい線 芦原温泉 あわらおんせん
81%
えちごトキめき鉄道日本海ひすいライン 青海 おうみ
81%
箱根登山電車 強羅 ごうら
81%
近鉄南大阪線 当麻寺 たいまでら
81%
JR山陽本線 英賀保 あがほ
80%
JR紀勢本線 阿漕 あこぎ
80%
JR伊東線 網代 あじろ
80%
JR大糸線 南小谷 みなみおたり
80%
JR城端線 城端 じょうはな
79%
JR青梅線 御嶽 みたけ
79%
JR根室本線 大楽毛 おたのしけ
78%
JR指宿枕崎線 開聞 かいもん
78%
JR飯田線 かなえ
78%
京阪本線 枚方公園 ひらかたこうえん
78%
JR弥彦線 矢作 やはぎ
78%
JR高徳線 栗林 りつりん
77%
東武伊勢崎線 あがた
76%
JR中央本線 石和温泉 いさわおんせん
76%
JR大糸線 頸城大野 くびきおおの
76%
東武日光線 幸手 さって
76%
山陽電鉄網干線 飾磨 しかま
76%
JR仙石線 野蒜 のびる
76%
JR水郡線 常陸大子 ひたちだいご
76%
JR宗谷本線 比布 ぴっぷ
76%
JR湖西線 和邇 わに
76%
京急本線 追浜 おっぱま
75%
JR篠ノ井線 姨捨 おばすて
75%
JR木次線 木次 きすき
75%
名鉄豊川線 国府 こう
75%
JR関西本線 平城山 ならやま
75%
近鉄奈良線 枚岡 ひらおか
75%
JR日高本線 鵡川 むかわ
75%
JR只見線 会津坂下 あいづばんげ
74%
JR山陰本線 餘部 あまるべ
74%
福岡市地下鉄空港線 大濠公園 おおほりこうえん
74%
わたらせ渓谷鐵道わたらせ渓谷線 神戸 ごうど
74%
JR高山本線 坂祝 さかほぎ
74%
東急大井町線 等々力 とどろき
74%
東葉高速鉄道東葉高速線 飯山満 はさま
74%
あいの風とやま鉄道線 石動 いするぎ
73%
JR函館本線 然別 しかりべつ
73%
JR津山線 弓削 ゆげ
73%
JR紀勢本線 周参見 すさみ
72%
京急本線 雑色 ぞうしき
72%
JR七尾線 羽咋 はくい
72%
北海道ちほく高原鉄道 ふるさと銀河線 訓子府 くんねっぷ
72%
JR青梅線 軍畑 いくさばた
71%
阪急今津線 小林 おばやし
71%
JR成田線 下総神崎 しもうさこうざき
71%
JR仙石線 榴ケ岡 つつじがおか
71%
JR常磐線 勿来 なこそ
71%
JR伯備線 備中川面 びっちゅうかわも
71%
JR山陽本線 戸田 へた
71%
JR常磐線 亘理 わたり
71%
JR桜井線 京終 きょうばて
70%
JR大村線 彼杵 そのぎ
70%
京阪京津線 御陵 みささぎ
70%
JR山陰本線 太秦 うずまさ
69%
名鉄三河線 上挙母 うわごろも
69%
東急大井町線 九品仏 くほんぶつ
69%
JR函館本線 野幌 のっぽろ
69%
JR鹿児島本線 松橋 まつばせ
69%
JR美祢線 美祢 みね
69%
JR津軽線 三厩 みんまや
69%
JR奥羽本線 碇ケ関 いかりがせき
68%
JR名松線 伊勢奥津 いせおきつ
68%
JR和歌山線 御所 ごせ
68%
JR青梅線 福生 ふっさ
68%
近鉄生駒線 平群 へぐり
68%
JR日高本線 勇払 ゆうふつ
68%
JR中央本線 上松 あげまつ
67%
JR仙山線 愛子 あやし
67%
JR飯田線 大嵐 おおぞれ
67%
JR常磐線 大甕 おおみか
67%
広島電鉄本線 銀山町 かなやまちょう
67%
JR成田線 木下 きおろし
67%
京福電気鉄道嵐山本線 西院 さい
67%
JR東日本中央本線 四方津 しおつ
67%
JR八戸線 白銀 しろがね
67%
横浜市営地下鉄ブルーライン 新羽 にっぱ
67%
JR越美北線 計石 はかりいし
67%
JR八戸線 階上 はしかみ
67%
北海道ちほく高原鉄道 ふるさと銀河線 上常呂 かみところ
67%
小湊鉄道線 海士有木 あまありき
65%
えちぜん鉄道勝山永平寺線 越前開発 えちぜんかいほつ
65%
JR宗谷本線 雄信内 おのっぷない
65%
阪急甲陽線 夙川 しゅくがわ
65%
JR中央本線 洗馬 せば
65%
肥薩おれんじ鉄道線 肥後高田 ひごこうだ
65%
阪急宝塚線 雲雀丘花屋敷 ひばりがおかはなやしき
65%
JR鹿島線 潮来 いたこ
64%
JR大船渡線 猊鼻渓 げいびけい
64%
仙台市地下鉄南北線 勾当台公園 こうとうだいこうえん
64%
JR芸備線 戸坂 へさか
64%
松浦鉄道西九州線 夫婦石 めおといし
64%
JR石北本線 留辺蘂 るべしべ
64%
JR水郡線 安積永盛 あさかながもり
63%
JR大糸線 梓橋 あずさばし
63%
JR福知山線 柏原 かいばら
63%
JR因美線 土師 はじ
63%
JR山陽本線 埴生 はぶ
63%
JR青梅線 日向和田 ひなたわだ
63%
JR上越線 岩原スキー場前 いわっぱらすきーじょうまえ
62%
JR飯田線 水窪 みさくぼ
62%
JR紀勢本線 朝来 あっそ
61%
阪急千里線 柴島 くにじま
61%
熊本市電水前寺線 九品寺交差点 くほんじこうさてん
61%
JR函館本線 幌向 ほろむい
61%
横浜市営地下鉄ブルーライン 蒔田 まいた
61%
JR桜井線 巻向 まきむく
61%
JR室蘭本線 安平 あびら
60%
近鉄名古屋線 長太ノ浦 なごのうら
60%
JR高徳線 引田 ひけた
60%
JR伯備線 方谷 ほうこく
60%
JR東西線 御幣島 みてじま
60%
銚子電気鉄道線 海鹿島 あしかじま
59%
名鉄名古屋本線 石刀 いわと
59%
JR磐越西線 姥堂 うばどう
59%
京福電気鉄道嵐山本線 帷子ノ辻 かたびらのつじ
59%
JR呉線 忠海 ただのうみ
59%
流鉄流山線 鰭ヶ崎 ひれがさき
59%
名鉄広見線 御嵩口 みたけぐち
59%
京急本線 安針塚 あんじんづか
58%
IRいしかわ鉄道線 動橋 いぶりはし
58%
JR紀勢本線 冷水浦 しみずうら
58%
えちぜん鉄道勝山永平寺線 どめき
58%
JR石北本線 丸瀬布 まるせっぷ
58%
山陽電鉄本線 妻鹿 めが
58%
三木鉄道三木線 国包 くにかね
58%
JR三江線 うしお
58%
九州新幹線 出水 いずみ
57%
JR赤穂線 邑久 おく
57%
JR青梅線 河辺 かべ
57%
名鉄三河線 猿投 さなげ
57%
JR日豊本線 日出 ひじ
57%
JR東海道本線 愛知御津 あいちみと
56%
JR山陰本線 石原 いさ
56%
JR指宿枕崎線 頴娃大川 えいおおかわ
56%
秋田内陸縦貫鉄道秋田内陸線 笑内 おかしない
56%
山陽電鉄本線 尾上の松 おのえのまつ
56%
東武東上線 男衾 おぶすま
56%
南海高野線 学文路 かむろ
56%
JR羽越本線 象潟 きさかた
56%
JR東北本線 桑折 こおり
56%
JR奥羽本線 撫牛子 ないじょうし
56%
JR中央本線 贄川 にえかわ
56%
東武日光線 楡木 にれぎ
56%
JR釧網本線 止別 やむべつ
56%
JR紀勢本線 紀伊日置 きいひき
55%
JR函館本線 国縫 くんぬい
55%
西鉄天神大牟田線 雑餉隈 ざっしょのくま
55%
JR久大本線 光岡 てるおか
55%
JR函館本線 発寒 はっさむ
55%
JR姫新線 東觜崎 ひがしはしさき
55%
JR阪和線 六十谷 むそた
55%
阪神本線 香櫨園 こうろえん
54%
西鉄天神大牟田線 ひらき
54%
JR予讃線 八十場 やそば
54%
JR長崎本線 現川 うつつがわ
53%
JR吾妻線 祖母島 うばしま
53%
JR日南線 飫肥 おび
53%
富山地方鉄道上滝線 開発 かいほつ
53%
高松琴平電気鉄道琴平線 挿頭丘 かざしがおか
53%
JR身延線 金手 かねんて
53%
JR伊東線 来宮 きのみや
53%
JR姫新線 上月 こうづき
53%
JR山陰本線 特牛 こっとい
53%
近鉄南大阪線 河堀口 こぼれぐち
53%
JR宗谷本線 咲来 さっくる
53%
JR草津線 柘植 つげ
53%
三岐鉄道三岐線 丹生川 にゅうがわ
53%
近鉄南大阪線 布忍 ぬのせ
53%
いすみ鉄道いすみ線 東総元 ひがしふさもと
53%
関東鉄道常総線 水海道 みつかいどう
53%
JR田沢湖線 鑓見内 やりみない
53%
会津鉄道会津線 養鱒公園 ようそんこうえん
53%
伊豆箱根鉄道駿豆線 伊豆仁田 いずにった
52%
近鉄南大阪線 浮孔 うきあな
52%
JR烏山線 宝積寺 ほうしゃくじ
52%
JR大糸線 簗場 やなば
52%
北陸鉄道浅野川線 割出 わりだし
52%
JR美祢線 厚保 あつ
50%
JR湖西線 安曇川 あどがわ
50%
伊豆急行線 稲梓 いなずさ
50%
JR紀勢本線 印南 いなみ
50%
アルピコ交通上高地線 渕東 えんどう
50%
JR千歳線 長都 おさつ
50%
青い森鉄道線 乙供 おっとも
50%
JR篠ノ井線 冠着 かむりき
50%
JR日田彦山線 香春 かわら
50%
南海高師浜線 伽羅橋 きゃらばし
50%
近鉄湯の山線 菰野 こもの
50%
北陸鉄道石川線 四十万 しじま
50%
JR和歌山線 志都美 しずみ
50%
JR阪和線 信太山 しのだやま
50%
JR五能線 驫木 とどろき
50%
関東鉄道常総線 騰波ノ江 とばのえ
50%
名鉄各務原線 二十軒 にじっけん
50%
JR高徳線 丹生 にぶ
50%
JR予讃線 壬生川 にゅうがわ
50%
神戸電鉄有馬線 鵯越 ひよどりごえ
50%
名鉄竹鼻線 不破一色 ふわいしき
50%
東武日光線 樅山 もみやま
50%
土佐くろしお鉄道ごめん・なはり線 和食 わじき
50%
近江鉄道本線 尼子 あまご
48%
JR土讃線 祖谷口 いやぐち
48%
近江鉄道本線 愛知川 えちがわ
48%
JR函館本線 渡島砂原 おしまさわら
48%
IGRいわて銀河鉄道いわて銀河鉄道線 小鳥谷 こずや
48%
横浜市営地下鉄グリーンライン 東山田 ひがしやまた
48%
JR越後線 粟生津 あおうづ
47%
JR徳島線 鮎喰 あくい
47%
JR石北本線 安足間 あんたろま
47%
東武日光線 板荷 いたが
47%
JR内房線 巌根 いわね
47%
JR姫新線 刑部 おさかべ
47%
JR芸備線 小奴可 おぬか
47%
筑豊電気鉄道線 遠賀野 おんがの
47%
JR土讃線 日下 くさか
47%
IGRいわて銀河鉄道いわて銀河鉄道線 厨川 くりやがわ
47%
松浦鉄道西九州線 神田 こうだ
47%
JR山陽本線 厚東 ことう
47%
JR和歌山線 千旦 せんだ
47%
JR高山本線 楡原 にれはら
47%
JR山陽本線 向洋 むかいなだ
47%
北海道ちほく高原鉄道 ふるさと銀河線 愛冠 あいかっぷ
47%
伊豆箱根鉄道駿豆線 大仁 おおひと
46%
名鉄名古屋本線 男川 おとがわ
46%
小田急小田原線 栢山 かやま
46%
JR日豊本線 朽網 くさみ
46%
JR赤穂線 坂越 さこし
46%
大阪モノレール本線 沢良宜 さわらぎ
46%
JR飯田線 沢渡 さわんど
46%
JR呉線 安芸幸崎 あきさいざき
45%
伊豆急行線 伊豆熱川 いずあたがわ
45%
京都丹後鉄道宮津線 栗田 くんだ
45%
JR徳島線 府中 こう
45%
JR山陽本線 新井口 しんいのくち
45%
JR紀勢本線 見老津 みろづ
45%
富山地方鉄道立山線 岩峅寺 いわくらじ
44%
JR美祢線 於福 おふく
44%
JR阪和線 北信太 きたしのだ
44%
JR因美線 国英 くにふさ
44%
横浜市営地下鉄ブルーライン 弘明寺 ぐみょうじ
44%
JR日豊本線 財部 たからべ
44%
JR予讃線 双岩 ふたいわ
44%
JR日光線 文挟 ふばさみ
44%
平成筑豊鉄道田川線 勾金 まがりかね
44%
錦川鉄道錦川清流線 椋野 むくの
44%
JR日豊本線 五十市 いそいち
43%
JR越美北線 勝原 かどはら
43%
JR外房線 東浪見 とらみ
43%
JR山陰本線 八鹿 ようか
43%
あいの風とやま鉄道線 生地 いくじ
42%
JR越美北線 越前花堂 えちぜんはなんどう
42%
JR播但線 新井 にい
42%
近鉄橿原線 新ノ口 にのくち
42%
松浦鉄道西九州線 真申 まさる
42%
国鉄富内線 芭呂沢 ばろさわ
42%
JR日豊本線 浅海井 あざむい
41%
JR八戸線 有家 うげ
41%
JR磐越西線 笈川 おいかわ
41%
北九州モノレール 企救丘 きくがおか
41%
埼玉新都市交通伊奈線 沼南 しょうなん
41%
JR肥薩線 日当山 ひなたやま
41%
JR山陰本線 八橋 やばせ
41%
福井鉄道福武線 浅水 あそうず
40%
JR氷見線 雨晴 あまはらし
40%
JR予土線 出目 いずめ
40%
仙台市地下鉄南北線 五橋 いつつばし
40%
JR予讃線 伊予寒川 いよさんがわ
40%
熊本市電上熊本線 蔚山町 うるさんまち
40%
JR奥羽本線 置賜 おいたま
40%
近鉄大阪線 大三 おおみつ
40%
JR仙山線 奥新川 おくにっかわ
40%
JR肥薩線 大畑 おこば
40%
JR飯田線 為栗 してぐり
40%
JR成田線 下総松崎 しもうさまんざき
40%
京急本線 逸見 へみ
40%
JR室蘭本線 稀府 まれっぷ
40%
JR山陰本線 御来屋 みくりや
40%
阪急宝塚線 売布神社 めふじんじゃ
40%
近鉄奈良線 八戸ノ里 やえのさと
40%
JR山陰本線 五十猛 いそたけ
39%
JR桜井線 櫟本 いちのもと
39%
JR紀勢本線 相可 おうか
39%
JR八戸線 種差海岸 たねさしかいがん
39%
JR大村線 早岐 はいき
39%
JR福知山線 石生 いそう
38%
リニモ 杁ヶ池公園 いりがいけこうえん
38%
広島電鉄本線 胡町 えびすちょう
38%
名鉄各務原線 苧ヶ瀬 おがせ
38%
JR関西本線 河曲 かわの
38%
京福電気鉄道嵐山本線 車折神社 くるまざきじんじゃ
38%
名古屋市営地下鉄桜通線 御器所 ごきそ
38%
JR山陽本線 上道 じょうとう
38%
大井川鐵道井川線 接岨峡温泉 せっそきょうおんせん
38%
JR阪和線 富木 とのき
38%
JR五能線 艫作 へなし
38%
伊予鉄道郡中線 松前 まさき
38%
阿武隈急行線 向瀬上 むかいせのうえ
38%
富士山麓電気鉄道富士急行線 葭池温泉前 よしいけおんせんまえ
38%
JR名寄本線 上興部 かみおこっぺ
38%
JR飯田線 出馬 いずんま
37%
三岐鉄道三岐線 伊勢治田 いせはった
37%
JR磐越東線 神俣 かんまた
37%
名鉄河和線 成岩 ならわ
37%
近鉄生駒線 一分 いちぶ
36%
ハピラインふくい線 王子保 おうしお
36%
JR大船渡線 陸中門崎 りくちゅうかんざき
36%
JR和歌山線 掖上 わきがみ
36%
JR留萌本線 信砂 のぶしゃ
36%
近鉄鳥羽線 朝熊 あさま
35%
伊豆急行線 伊豆北川 いずほっかわ
35%
阪神本線 青木 おおぎ
35%
JR和歌山線 笠田 かせだ
35%
神戸電鉄有馬線 唐櫃台 からとだい
35%
南海本線 孝子 きょうし
35%
JR赤穂線 寒河 そうご
35%
福井鉄道福武線 泰澄の里 たいちょうのさと
35%
名古屋市営地下鉄桜通線 高岳 たかおか
35%
三陸鉄道リアス線 甫嶺 ほれい
35%
近鉄大阪線 耳成 みみなし
35%
JR深名線 蕗ノ台 ふきのだい
35%
豊橋鉄道東田本線 東田 あずまだ
33%
JR内子線 五十崎 いかざき
33%
JR函館本線 納内 おさむない
33%
JR釜石線 似内 にたない
33%
都電荒川線 東尾久三丁目 ひがしおぐさんちょうめ
33%
JR赤穂線 日生 ひなせ
33%
西鉄天神大牟田線 三潴 みずま
33%
一畑電車北松江線 美談 みだみ
33%
国鉄美幸線 辺渓 ぺんけ
33%
土佐くろしお鉄道中村線 浮鞭 うきぶち
32%
西鉄天神大牟田線 蒲池 かまち
32%
とさでん交通後免線 介良通 けらどおり
32%
水間鉄道水間線 近義の里 こぎのさと
32%
JR山陽本線 富海 とのみ
32%
JR指宿枕崎線 生見 ぬくみ
32%
JR函館本線 熱郛 ねっぷ
32%
JR東海交通事業城北線 味美 あじよし
31%
福井鉄道福武線 足羽山公園口 あすわやまこうえんぐち
31%
JR赤穂線 伊部 いんべ
31%
京阪宇治線 黄檗 おうばく
31%
JR福塩線 吉舎 きさ
31%
JR留萌本線 北一已 きたいちやん
31%
JR唐津線 厳木 きゅうらぎ
31%
島原鉄道線 多比良 たいら
31%
JR筑豊本線 筑前山家 ちくぜんやまえ
31%
JR宇野線 迫川 はざかわ
31%
鹿島臨海鉄道大洗鹿島線 涸沼 ひぬま
31%
JR大湊線 吹越 ふっこし
31%
JR阪和線 山中渓 やまなかだに
31%
JR山陰本線 温泉津 ゆのつ
31%
JR石巻線 渡波 わたのは
31%
三陸鉄道リアス線 鵜住居 うのすまい
30%
JR福塩線 甲奴 こうぬ
30%
とさでん交通後免線 小篭通 こごめどおり
30%
JR紀勢本線 芳養 はや
30%
くま川鉄道湯前線 肥後西村 ひごにしのむら
30%
JR長崎本線 本川内 ほんかわち
30%
JR紀勢本線 新鹿 あたしか
29%
名古屋市営地下鉄名城線 新瑞橋 あらたまばし
29%
猿猴橋町 猿猴橋町 えんこうばしちょう
29%
北陸鉄道浅野川線 大河端 おこばた
29%
JR宗谷本線 筬島 おさしま
29%
JR山田線 花原市 けばらいち
29%
西鉄甘木線 古賀茶屋 こがんちゃや
29%
JR大村線 南風崎 はえのさき
29%
北陸鉄道石川線 陽羽里 ひばり
29%
JR歌志内線 神威 かもい
29%
JR磐越西線 五十島 いがしま
28%
富士山麓電気鉄道富士急行線 禾生 かせい
28%
JR羽越本線 金浦 このうら
28%
JR筑豊本線 筑前垣生 ちくぜんはぶ
28%
JR鹿児島本線 木場茶屋 こばんちゃや
27%
三陸鉄道リアス線 磯鶏 そけい
27%
天竜浜名湖鉄道天竜浜名湖線 原谷 はらのや
27%
JR日豊本線 暘谷 ようこく
27%
JR予讃線 伊予石城 いよいわき
26%
JR羽越本線 吹浦 ふくら
26%
伊豆箱根鉄道駿豆線 牧之郷 まきのこう
26%
JR予土線 吉野生 よしのぶ
26%
国鉄佐賀線 光法 みつのり
26%
小湊鉄道線 飯給 いたぶ
25%
JR武豊線 乙川 おっかわ
25%
上信電鉄上信線 神農原 かのはら
25%
JR上越線 上牧 かみもく
25%
井原鉄道井原線 備中呉妹 びっちゅうくれせ
25%
国鉄胆振線 蟠渓 ばんけい
25%
JR日南線 折生迫 おりゅうざこ
24%
JR羽越本線 勝木 がつぎ
24%
一畑電車北松江線 旅伏 たぶし
24%
熊本電鉄菊池線 八景水谷 はけのみや
24%
JR室蘭本線 早来 はやきた
24%
JR磐越西線 馬下 まおろし
24%
JR福塩線 万能倉 まなぐら
24%
伊賀鉄道伊賀線 猪田道 いだみち
23%
JR津山線 神目 こうめ
23%
名鉄犬山線 木津用水 こつようすい
23%
熊本市電上熊本線 段山町 だにやままち
23%
平成筑豊鉄道伊田線 ほしい
23%
北九州モノレール 守恒 もりつね
23%
国鉄羽幌線 大椴 おおとど
23%
西鉄天神大牟田線 朝倉街道 あさくらがいどう
22%
筑豊電気鉄道線 永犬丸 えいのまる
22%
JR三角線 網田 おうだ
22%
名鉄広見線 顔戸 ごうど
22%
JR越美北線 小和清水 こわしょうず
22%
東武桐生線 治良門橋 じろえんばし
22%
JR和歌山線 布施屋 ほしや
22%
JR境線 上道 あがりみち
21%
JR土讃線 薊野 あぞうの
21%
JR山陰本線 下府 しもこう
21%
JR芸備線 野馳 のち
21%
近江鉄道本線 水口 みなくち
21%
JR予讃線 浅海 あさなみ
20%
JR羽越本線 五十川 いらがわ
20%
三岐鉄道北勢線 麻生田 おうだ
20%
沖縄都市モノレール線 奥武山公園 おうのやまこうえん
20%
福井鉄道福武線 北府 きたご
20%
山形鉄道フラワー長井線 蚕桑 こぐわ
20%
JR八戸線 宿戸 しゅくのへ
20%
JR奥羽本線 高擶 たかたま
20%
JR和歌山線 中飯降 なかいぶり
20%
福岡市地下鉄七隈線 野芥 のけ
20%
JR鳴門線 撫養 むや
20%
JR水郡線 瓜連 うりづら
19%
JR函館本線 掛澗 かかりま
19%
JR高山本線 古井 こび
19%
JR肥薩線 真幸 まさき
19%
国鉄瀬棚線 美利河 ぴりか
19%
北海道ちほく高原鉄道 ふるさと銀河線 小利別 しょうとしべつ
19%
能勢電鉄妙見線 畦野 うねの
18%
JR函館本線 落部 おとしべ
18%
松浦鉄道西九州線 調川 つきのかわ
18%
JR小浜線 松尾寺 まつのおでら
18%
JR筑肥線 一貴山 いきさん
17%
北陸鉄道浅野川線 蚊爪 かがつめ
17%
鹿児島市電唐湊線 唐湊 とそ
17%
わたらせ渓谷鐵道わたらせ渓谷線 沢入 そうり
16%
高松琴平電気鉄道琴平線 羽間 はざま
16%
国鉄相生線 活汲 かっくみ
16%
一畑電車北松江線 秋鹿町 あいかまち
15%
近鉄天理線 前栽 せんざい
15%
JR山田線 蟇目 ひきめ
15%
JR高山本線 上枝 ほずえ
15%
JR飯田線 大海 おおみ
14%
遠州鉄道鉄道線 曳馬 ひくま
14%
JR久大本線 古国府 ふるごう
14%
一畑電車大社線 遙堪 ようかん
14%
JR日南線 榎原 よわら
14%
JR天北線 敏音知 ぴんねしり
14%
高千穂鉄道高千穂線 川水流 かわずる
14%
札幌市電山鼻線 幌南小学校前 こうなんしょうがっこうまえ
13%
JR伯備線 美袋 みなぎ
13%
三木鉄道三木線 西這田 にしほうだ
13%
JR牟岐線 新野 あらたの
12%
JR筑肥線 下山門 しもやまと
12%
同和鉱業片上鉄道線 周匝 すさい
12%
黒部峡谷鉄道本線 出平 だしだいら
11%
国鉄魚沼線 小粟田 こわだ
11%
とさでん交通後免線 葛島橋東詰 かずらしまばしひがしづめ
10%
とさでん交通伊野線 咥内 こうない
10%
樽見鉄道樽見線 木知原 こちぼら
10%
JR名寄本線 班渓 ぱんけ
10%
水間鉄道水間線 清児 せちご
9%
津軽鉄道線 深郷田 ふこうだ
9%
近鉄御所線 忍海 おしみ
8%
伊賀鉄道伊賀線 四十九 しじゅく
8%
南海多奈川線 深日港 ふけこう
8%
福岡市地下鉄箱崎線 馬出九大病院前 まいだしきゅうだいびょういんまえ
8%
北海道ちほく高原鉄道 ふるさと銀河線 大誉地 およち
8%
JR徳島線 麻植塚 おえづか
7%
熊本市電健軍線 神水交差点 くわみずこうさてん
7%
国鉄宮原線 麻生釣 あそづる
7%
JR五能線 風合瀬 かそせ
6%
長良川鉄道越美南線 木尾 こんの
6%
錦川鉄道錦川清流線 行波 ゆかば
6%
国鉄湧網線 芭露 ばろう
6%
筑豊電気鉄道線 感田 がんだ
5%
高松琴平電気鉄道志度線 房前 ふさざき
5%
富山地方鉄道本線 下立 おりたて
0%
えちぜん鉄道勝山永平寺線 志比堺 しいざかい
0%
熊本市電上熊本線 杉塘 すぎども
0%
長良川鉄道越美南線 母野 はんの
0%
国鉄赤谷線 五十公野 いじみの
0%
国鉄大隅線 柊原 くぬぎばる
0%
名鉄揖斐線 近ノ島 ごんのしま
0%
No matching quizzes found
Score Distribution
Percent of People with Each Score
Percentile by Number Answered
Your Score History
You have not taken this quiz since the last reset